[Event "16. Jacques Lemans Open"]
[Site "St. Veit"]
[Date "????.??.??"]
[Round "?"]
[White "Winiwarter, Felix"]
[Black "Giessmann, Andreas"]
[Result "1/2-1/2"]
[WhiteElo "2165"]
[BlackElo "2044"]
[PlyCount "91"]
[EventDate "1996.07.??"]

1. e4 d5 2. exd5 Nf6 3. d4 Nxd5 4. Nf3 g6 5. Be2 Bg7 6. O-O O-O 7. c4 Nb6 8. h3
Bf5 9. Be3 Nc6 10. Nc3 e5 11. d5 Na5 12. b3 e4 13. Nd4 c5 14. Nxf5 gxf5 15. Qd2
Nd7 16. f3 Qf6 17. Rac1 Qg6 18. Kh1 b6 19. fxe4 fxe4 20. Rf4 f5 21. g4 Qh6 22.
Bf1 Bd4 23. gxf5 Bxe3 24. Qxe3 Nf6 25. Nxe4 Rae8 26. Nxf6+ Qxf6 27. Qg3+ Kh8
28. Qc3 Nb7 29. Qxf6+ Rxf6 30. Kg2 Nd6 31. Bd3 Re3 32. Rf3 Re7 33. Kg3 Kg7 34.
Kf4 Rh6 35. Rg1+ Kf6 36. Rg8 Nf7 37. Rfg3 Ne5 38. Be4 Rh4+ {} 39. Ke3 Nxc4+
40. bxc4 Rexe4+ 41. Kf2 Rhf4+ 42. Rf3 Rxf3+ 43. Kxf3 Rxc4 44. Rf8+ Ke5 45. Re8+
Kf6 46. Rf8+ 1/2-1/2

[Event "16. Jacques Lemans Open"]
[Site "St. Veit"]
[Date "????.??.??"]
[Round "?"]
[White "Tratar, Marko"]
[Black "Kavcic , Uros"]
[Result "1-0"]
[WhiteElo "2420"]
[BlackElo "2100"]
[PlyCount "71"]
[EventDate "1996.07.??"]

1. Nf3 f5 2. g3 Nf6 3. Bg2 g6 4. b3 Bg7 5. Bb2 d6 6. d4 c6 7. O-O O-O 8. c4 Na6
9. Qc2 Qe8 10. Nbd2 h6 11. Rae1 g5 12. e4 fxe4 13. Nxe4 Qg6 14. Nxf6+ Qxf6 15.
Re3 Bf5 16. Qd2 Rf7 17. Bc3 Qg6 18. Rfe1 e6 19. h3 h5 20. d5 cxd5 21. h4 Bxc3
22. Rxc3 dxc4 23. Nxg5 Rd7 24. Nxe6 cxb3 25. Nf4 Qh7 26. axb3 Nc5 27. b4 Na6
28. Nd5 Rf8 29. Rce3 Qh6 30. Qd4 Qg7 31. Qxa7 Rff7 32. Re8+ Kh7 33. Qe3 Nc7 34.
Nxc7 {} 34... Rxc7 35. Bd5 Rfd7 36. Bg8+ 1-0

[Event "16. Jacques Lemans Open"]
[Site "St. Veit"]
[Date "????.??.??"]
[Round "?"]
[White "Herzog, Adolf"]
[Black "Feichter, Clemens"]
[Result "0-1"]
[WhiteElo "2405"]
[BlackElo "2051"]
[PlyCount "66"]
[EventDate "1996.07.??"]

1. c4 e5 2. Nc3 Nc6 3. Nf3 f5 4. d4 e4 5. Ng5 h6 6. Nh3 g5 7. e3 Nf6 8. Be2 Bb4
9. Qb3 d6 10. Bd2 O-O 11. O-O-O Kh7 12. f3 Bxc3 13. Bxc3 exf3 14. gxf3 Qe7 15.
Bd2 f4 {} 16. Qd3+ Kg7 17. exf4 Bxh3 18. d5 Bf5 19. Qxf5 Nd4 20. Qd3 Nxe2+ 21.
Kb1 Nxf4 22. Bxf4 gxf4 23. Rde1 Qf7 24. Rhg1+ Kh8 25. Rg6 Qh7 26. Re6 Rae8 27.
Kc2 Rxe6 28. dxe6 Ne8 29. h4 Rf6 30. h5 Rxg6 31. hxg6 Qe7 32. Qe4 Kg7 33. Qxf4
Qxe6 0-1

[Event "16. Jacques Lemans Open"]
[Site "St. Veit"]
[Date "????.??.??"]
[Round "?"]
[White "Kaspret, Guido"]
[Black "Eichhorn, Alfred"]
[Result "1-0"]
[WhiteElo "2320"]
[BlackElo "2040"]
[PlyCount "81"]
[EventDate "1996.07.??"]

1. d4 Nf6 2. Nf3 b5 3. g3 Bb7 4. Bg2 e6 5. a4 b4 6. a5 a6 7. Nbd2 c5 8. Nc4 d5
9. Nb6 Ra7 10. c3 Nfd7 11. Nxd7 Nxd7 12. O-O bxc3 13. bxc3 cxd4 14. cxd4 Bc6
15. Bg5 Qa8 16. Qd2 h6 17. Bf4 Be7 18. g4 O-O 19. Qe3 Rb7 20. g5 hxg5 21. Nxg5
Bxg5 22. Bxg5 Rfb8 23. Qg3 Nf8 24. h4 Nh7 25. Bf4 Re8 26. Rfc1 Bb5 27. Rc2 Rd7
28. Rac1 Qd8 29. Rc7 Rxc7 30. Rxc7 Qf6 31. e3 Qg6 32. Qxg6 fxg6 33. Bf1 Bxf1
34. Kxf1 Nf6 35. Ra7 Ne4 36. Rxa6 Kf7 37. Ra7+ Re7 38. Rxe7+ Kxe7 39. a6 Nd2+
40. Ke2 Nc4 {} 41. Bc7 1-0

[Event "16. Jacques Lemans Open"]
[Site "St. Veit"]
[Date "????.??.??"]
[Round "?"]
[White "Wallner, Dieter"]
[Black "Muellneritsch, Anton"]
[Result "1-0"]
[WhiteElo "2050"]
[BlackElo "2285"]
[PlyCount "47"]
[EventDate "1996.07.??"]

1. e4 c5 2. Nf3 d6 3. d4 cxd4 4. Nxd4 Nf6 5. Nc3 Nc6 6. Bc4 Bd7 7. Bb3 g6 8. f3
Bg7 9. Be3 O-O 10. Qd2 Rc8 11. O-O-O Ne5 12. h4 Nc4 13. Bxc4 Rxc4 14. h5 Nxh5
15. g4 Nf6 16. Bh6 Nxe4 17. Qe3 Rxc3 18. bxc3 Nf6 19. Bxg7 Kxg7 20. Qh6+ Kg8
21. g5 Nh5 {} 22. Rxh5 gxh5 23. Rh1 f5 24. g6 1-0

[Event "16. Jacques Lemans Open"]
[Site "St. Veit"]
[Date "????.??.??"]
[Round "?"]
[White "Horvath, Gabor"]
[Black "Pfaffel, Thomas"]
[Result "1-0"]
[WhiteElo "2280"]
[BlackElo "2035"]
[PlyCount "73"]
[EventDate "1996.07.??"]

1. e4 c5 2. Nc3 Nc6 3. f4 g6 4. Nf3 Bg7 5. Bc4 e6 6. O-O Nge7 7. d3 d5 8. Bb3
O-O 9. Qe1 Na5 10. Bd2 Nxb3 11. axb3 Nc6 12. Qg3 c4 13. bxc4 dxc4 14. dxc4 Qb6+
15. Kh1 Qxb2 16. Ra2 Qb4 17. Ra4 Qb2 18. Ne1 Rd8 19. Ra2 Qb4 20. Nd3 Qe7 21. e5
Nb4 22. Rb2 Nxd3 23. cxd3 Qd7 24. Rf3 b6 25. Qh4 Bb7 26. Rh3 h5 27. Nb5 Bf8 28.
Bc3 a6 29. Nd6 Be7 30. Qg3 Bxd6 {} 31. exd6 Qa4 32. Re2 Qd1+ 33. Re1 Qc2 34.
Be5 Qd2 35. Rg1 Qe2 36. Qg5 Kh7 37. Qf6 1-0

[Event "16. Jacques Lemans Open"]
[Site "St. Veit"]
[Date "????.??.??"]
[Round "?"]
[White "Praznik, Anton"]
[Black "Pokupec, Villim"]
[Result "1-0"]
[WhiteElo "2230"]
[BlackElo "2011"]
[PlyCount "69"]
[EventDate "1996.07.??"]

1. e4 e6 2. d4 d5 3. e5 g6 4. h4 h5 5. Bg5 Be7 6. Nf3 b6 7. c3 a5 8. Na3 c6 9.
Bd3 Qd7 10. Nc2 Ba6 11. Ne3 Bxd3 12. Qxd3 Bxg5 13. hxg5 Qd8 14. Ng4 Kd7 15.
Nf6+ Kc7 16. Kd2 Kb7 17. a4 Na6 18. Rh3 Ne7 19. Rah1 Rf8 20. g4 hxg4 21. Nxg4
c5 22. Rh7 Qe8 23. b3 Nf5 24. Nh6 cxd4 25. cxd4 Nb4 26. Nxf5 gxf5 27. Qb5 Qxb5
28. axb5 Kc8 {} 29. g6 Kd7 30. Ng5 Rac8 31. Rxf7+ Rxf7 32. gxf7 Ke7 33. Rh6
Nc2 34. Rxe6+ Kf8 35. Re8+ 1-0

[Event "16. Jacques Lemans Open"]
[Site "St. Veit"]
[Date "????.??.??"]
[Round "?"]
[White "Hinteregger, Arthur"]
[Black "Widowitz, Josef"]
[Result "1/2-1/2"]
[WhiteElo "2140"]
[BlackElo "1951"]
[PlyCount "42"]
[EventDate "1996.07.??"]

1. e4 c5 2. Nf3 Nc6 3. d3 d6 4. g3 Nf6 5. Bg2 g6 6. O-O Bg7 7. Nbd2 O-O 8. c3
Bd7 9. Re1 Qc7 10. Nf1 Rad8 11. Bg5 h6 12. Bd2 Qc8 13. Nh4 g5 14. Nf3 Ng4 15.
h4 f6 16. d4 gxh4 17. Nxh4 cxd4 18. cxd4 {} 18... f5 19. exf5 Bxf5 20. Be3
Nxe3 21. fxe3 Bh7 1/2-1/2

[Event "16. Jacques Lemans Open"]
[Site "St. Veit"]
[Date "????.??.??"]
[Round "?"]
[White "Bodner, Alfred"]
[Black "Kievelitz, Bernd"]
[Result "1/2-1/2"]
[WhiteElo "2006"]
[BlackElo "2125"]
[PlyCount "63"]
[EventDate "1996.07.??"]

1. e4 c5 2. Nf3 e6 3. d4 cxd4 4. Nxd4 a6 5. Bd3 Nf6 6. c3 Qc7 7. O-O Be7 8. Be3
O-O 9. Nd2 d6 10. h3 Nbd7 11. f4 Nc5 12. Bc2 e5 13. Ne2 d5 14. Ng3 dxe4 15.
Ndxe4 Ncxe4 16. Nxe4 Nxe4 17. Bxe4 Be6 18. f5 Rfd8 19. Qf3 Bc4 {} 20. f6 Bxf6
21. Qf5 Bxf1 22. Qxh7+ Kf8 23. Rxf1 Ke7 24. Qf5 Rac8 25. Qf2 Qc4 26. Bxb7 Rc7
27. Bf3 Rb8 28. Bb6 Rd7 29. Bc5+ Kd8 30. Bc6 Rd3 31. Bb6+ Ke7 32. Bc5+ 1/2-1/2

[Event "16. Jacques Lemans Open"]
[Site "St. Veit"]
[Date "????.??.??"]
[Round "?"]
[White "Kuess, Mario"]
[Black "Zivkovic, Gorazd"]
[Result "1/2-1/2"]
[WhiteElo "2115"]
[BlackElo "1878"]
[PlyCount "39"]
[EventDate "1996.07.??"]

1. f4 g5 {} 2. fxg5 e5 3. d4 h6 4. e4 hxg5 5. Bc4 d6 6. Nf3 f6 7. dxe5 dxe5 8.
Qxd8+ Kxd8 9. Be3 g4 10. Nfd2 Nd7 11. O-O Bh6 12. Bxh6 Nxh6 13. Nc3 c6 14. a4
a5 15. Rad1 Ke7 16. Be2 Nb6 17. Nc4 Nxc4 18. Bxc4 Be6 19. Bxe6 Kxe6 20. Rd3
1/2-1/2

[Event "16. Jacques Lemans Open"]
[Site "St. Veit"]
[Date "????.??.??"]
[Round "?"]
[White "Mazi, Leon"]
[Black "Praznik, Niko"]
[Result "1-0"]
[WhiteElo "2355"]
[BlackElo "2230"]
[PlyCount "75"]
[EventDate "1996.07.??"]

1. e4 e6 2. d4 d5 3. Nc3 Bb4 4. e5 c5 5. a3 Bxc3+ 6. bxc3 Ne7 7. Nf3 Nbc6 8. a4
Qa5 9. Bd2 Bd7 10. Be2 c4 11. O-O f6 12. Re1 O-O-O 13. Qc1 f5 14. Qa3 Rde8 15.
Reb1 Nd8 16. Bg5 Nec6 17. Bc1 b6 18. Nd2 Qa6 19. Qa2 Na5 20. Ba3 Ndc6 21. Bd6
g5 22. Rb2 h6 23. Rab1 Kd8 24. Qa3 Rh7 {D} 25. Nb3 Bc8 26. Bf8 Nb7 27. Nd2 Rh8
28. Bg7 Rh7 29. Bf6+ Kc7 30. Rb5 Nca5 31. Nb3 Rd7 32. Nc1 Nd8 33. Na2 Ndc6 34.
R5b2 Qb7 35. Bh5 Rg8 36. Bf7 Rgd8 37. Bxe6 Kb8 38. Rb5 1-0

[Event "16. Jacques Lemans Open"]
[Site "St. Veit"]
[Date "????.??.??"]
[Round "?"]
[White "Benda, Herbert"]
[Black "Lau, Ralf"]
[Result "1/2-1/2"]
[WhiteElo "2200"]
[BlackElo "2500"]
[PlyCount "62"]
[EventDate "1996.07.??"]

1. e4 d6 2. d4 g6 3. c4 Bg7 4. Nc3 Nd7 5. Be3 e5 6. Nf3 Ngf6 7. dxe5 dxe5 8. h3
O-O 9. Be2 Re8 10. O-O c6 11. Qc2 Qe7 12. Rfd1 Nf8 13. Qd2 N6d7 14. Qd6 Ne6 15.
Qxe7 Rxe7 16. Rd6 Re8 17. Rad1 Nd4 {} 18. Nxd4 exd4 19. Bxd4 Bf8 20. e5 Bxd6
21. exd6 Re6 22. c5 b6 23. b4 Bb7 24. Bc4 Ree8 25. f3 a5 26. a3 axb4 27. axb4
bxc5 28. bxc5 Ba6 29. Bb3 Rab8 30. Ba4 Bb7 31. Nd5 Kf8 1/2-1/2

[Event "16. Jacques Lemans Open"]
[Site "St. Veit"]
[Date "????.??.??"]
[Round "?"]
[White "Posch, Werner"]
[Black "Neulinger, Manfred"]
[Result "1/2-1/2"]
[WhiteElo "2210"]
[BlackElo "2330"]
[PlyCount "77"]
[EventDate "1996.07.??"]

1. Nf3 Nf6 2. d4 g6 3. c3 Bg7 4. Bg5 d6 5. Nbd2 Nbd7 6. e4 h6 7. Be3 b6 8. e5
Nd5 9. e6 fxe6 10. Qc2 Nf8 11. Bd3 Kf7 12. Nh4 g5 13. Ng6 Nxg6 14. Bxg6+ Kg8
15. h4 c5 {} 16. hxg5 cxd4 17. Bxd4 Bxd4 18. cxd4 Qf8 19. O-O-O Bd7 20. Kb1
Qg7 21. gxh6 Rxh6 22. Be4 Rc8 23. Qb3 Nf6 24. Qe3 Rxh1 25. Rxh1 Kf7 26. Rh3 Rh8
27. Rg3 Rh1+ 28. Kc2 Qh6 29. Bg6+ Kf8 30. Qf3 Ba4+ 31. b3 Be8 32. Qa8 Rh4 33.
Ne4 Rf4 34. f3 Rxe4 35. Bxe4 Qe3 36. Rg6 Qe2+ 37. Kc1 Qe1+ 38. Kc2 Qe2+ 39. Kc1
1/2-1/2

[Event "16. Jacques Lemans Open"]
[Site "St. Veit"]
[Date "????.??.??"]
[Round "?"]
[White "Schneider Zinner, Harald"]
[Black "Raffalt, Manfred"]
[Result "1/2-1/2"]
[WhiteElo "2165"]
[BlackElo "2215"]
[PlyCount "165"]
[EventDate "1996.07.??"]

1. d4 c5 2. c3 e6 3. Nf3 Nc6 4. Bf4 Nf6 5. e3 Nh5 6. Bg3 Nxg3 7. hxg3 b6 8. Bd3
h6 9. Nbd2 Bb7 10. Qe2 Rc8 11. a3 Be7 12. b4 cxd4 13. cxd4 Bf6 14. Ne4 d5 15.
Nxf6+ Qxf6 16. g4 g6 17. Rc1 O-O 18. O-O e5 19. Ba6 Bxa6 20. Qxa6 exd4 21. exd4
Rce8 22. Rfd1 Re4 23. Qd3 Rfe8 24. b5 {} 24... Nxd4 25. Nxd4 Rxd4 26. Qxd4
Re1+ 27. Rxe1 Qxd4 28. Re8+ Kg7 29. Rd8 Qd2 30. Rf1 d4 31. g3 d3 32. Rb1 Qc2
33. Rb4 Qc1+ 34. Kg2 Qxa3 35. Rbd4 a5 36. bxa6 Qxa6 37. R8d7 b5 38. Rxd3 b4 39.
Rf3 Qe6 40. Rd4 b3 41. Rb4 b2 42. Rfb3 Qd5+ 43. Kh2 h5 44. Rxb2 hxg4 45. Rxg4
Qh5+ 46. Rh4 Qf3 47. Rd2 g5 48. Rhd4 Kg6 49. Rd6+ f6 50. Rb6 Qf5 51. Kg1 Qe5
52. Rdd6 g4 53. Rd1 Qe2 54. Rd4 Kg5 55. Rbb4 f5 56. Rb6 Qe7 57. Rdd6 Qg7 58.
Re6 Qa1+ 59. Kg2 Qg7 60. Rbd6 Qb7+ 61. Rc6 Qg7 62. Kf1 Qa1+ 63. Ke2 Qb2+ 64.
Kd3 Qb3+ 65. Kd4 Qb4+ 66. Kd5 Qd2+ 67. Ke5 Qe2+ 68. Kd5 Qd2+ 69. Kc4 Qc2+ 70.
Kb5 Qb2+ 71. Ka6 Qa1+ 72. Kb7 Qg7+ 73. Kc8 Qg8+ 74. Kd7 Qg7+ 75. Kd8 Qg8+ 76.
Kd7 Qg7+ 77. Kd6 Qd4+ 78. Kc7 Qg7+ 79. Kd8 Qg8+ 80. Kd7 Qg7+ 81. Kd6 Qd4+ 82.
Kc7 Qg7+ 83. Kd8 {... Zugwiederholung} 1/2-1/2

[Event "16. Jacques Lemans Open"]
[Site "St. Veit"]
[Date "????.??.??"]
[Round "?"]
[White "Hebesberger, Thomas"]
[Black "Tratar, Marko"]
[Result "1/2-1/2"]
[WhiteElo "2145"]
[BlackElo "2420"]
[PlyCount "156"]
[EventDate "1996.07.??"]

1. d4 Nf6 2. Nf3 g6 3. Bg5 Bg7 4. Nbd2 O-O 5. e4 d5 6. Bd3 dxe4 7. Nxe4 Nd5 8.
Qd2 Bg4 9. Ne5 Bf5 10. Bh6 Nd7 11. Bxg7 Kxg7 12. O-O-O Bxe4 13. Bxe4 c6 14. h4
h5 15. Qg5 e6 16. Nxd7 Qxd7 17. g4 Rh8 18. Rdg1 {} 18... Qd8 19. gxh5 Qxg5+
20. Rxg5 Nf6 21. Bf3 Nxh5 22. Bxh5 Rxh5 23. Rxh5 gxh5 24. Rg1+ Kf6 25. Kd2 Rd8
26. Ke3 Rd5 27. c4 Ra5 28. a3 e5 29. f4 exf4+ 30. Kxf4 Rf5+ 31. Ke3 a5 32. b4
Ke6 33. Rb1 axb4 34. Rxb4 b5 35. d5+ Kd6 36. dxc6 bxc4 37. Rxc4 Kc7 38. Ke4 Rf6
39. Ke5 Rf1 40. a4 Rf2 41. Kd5 Rf5+ 42. Ke4 Rf1 43. Ke5 Rf2 44. Ke4 Rf1 45. Ke3
Rf5 46. Ke2 Re5+ 47. Kf3 Rf5+ 48. Kg2 Rd5 49. Kf3 Rf5+ 50. Kg3 Ra5 51. Kf4 Rd5
52. Ke3 Rf5 53. Kd4 Ra5 54. Ke4 f6 55. Kd4 Rf5 56. Kd3 Ra5 57. Ke4 Re5+ 58. Kf4
Ra5 59. Kf3 Re5 60. Kf2 Rf5+ 61. Ke2 Re5+ 62. Kd2 Rd5+ 63. Kc2 Ra5 64. Kc3 Rf5
65. Kb4 Rf1 66. Kb5 Rb1+ 67. Rb4 Rf1 68. Rc4 Rb1+ 69. Kc5 Rd1 70. Rd4 Rc1+ 71.
Kb5 Rb1+ 72. Rb4 Rf1 73. Rc4 Rb1+ 74. Ka5 Rb6 75. Rc5 Rb8 76. Rf5 Kxc6 77.
Rxf6+ Kc5 78. Rf5+ Kc4 {...} 1/2-1/2

[Event "16. Jacques Lemans Open"]
[Site "St. Veit"]
[Date "????.??.??"]
[Round "?"]
[White "Starc, Christian"]
[Black "Kaspret, Guido"]
[Result "0-1"]
[WhiteElo "2165"]
[BlackElo "2320"]
[PlyCount "146"]
[EventDate "1996.07.??"]

1. e4 c5 2. Nf3 a6 3. c4 Nc6 4. d4 cxd4 5. Nxd4 Nf6 6. Nxc6 bxc6 7. Bd3 e5 8.
O-O Bc5 9. Nd2 d6 10. Nb3 Ba7 11. Bd2 O-O 12. Bc3 Re8 13. Rc1 Be6 14. Nd2 a5
15. Nf3 Nd7 16. h3 Nc5 17. b3 f6 18. Qe2 Bf7 19. Rfd1 Ne6 20. Qd2 Bc5 21. Bf1
Bh5 22. g4 Bg6 23. Qe1 Qb6 24. Nh4 Red8 25. Nf5 Be8 26. Bd2 g6 27. Ng3 Bf7 28.
Ne2 Bb4 29. Kg2 Nc5 30. Ng3 Ne6 31. Ne2 Rd7 32. Bc3 Rad8 33. a3 Bxc3 34. Qxc3
Nc5 35. Qf3 Nxb3 {} 36. Rb1 a4 37. Nc1 Kg7 38. Nxb3 axb3 39. Rxb3 Qa7 40. Qc3
d5 41. exd5 cxd5 42. g5 dxc4 43. gxf6+ Kg8 44. Rxd7 Qxd7 45. Rb4 Rc8 46. Be2
Qd4 47. Qg3 Bd5+ 48. f3 Qe3 49. Qf2 Qxf2+ 50. Kxf2 Be6 51. Ke3 c3 52. Rb1 Bxh3
53. Bd3 Bf5 54. Be4 c2 55. Rc1 Rc3+ 56. Kd2 Rxa3 57. Rxc2 Bxe4 58. fxe4 Ra7 59.
Rc5 Kf7 60. Rxe5 Kxf6 61. Rb5 Ra3 62. Ke2 h5 63. Kf2 g5 64. Rf5+ Kg6 65. Rb5 h4
66. Rb6+ Kh5 67. e5 Ra5 68. Re6 Kg4 69. Re8 Kf5 70. e6 Kf6 71. Kf3 Rf5+ 72. Kg4
Rf4+ 73. Kh3 Re4 {...} 0-1

[Event "16. Jacques Lemans Open"]
[Site "St. Veit"]
[Date "????.??.??"]
[Round "?"]
[White "Glueck, Michael"]
[Black "Horvath, Gabor"]
[Result "0-1"]
[WhiteElo "2105"]
[BlackElo "2280"]
[PlyCount "74"]
[EventDate "1996.07.??"]

1. e4 c5 2. c3 d6 3. d4 Nf6 4. Bd3 cxd4 5. cxd4 g6 6. Ne2 Bg7 7. O-O O-O 8.
Nbc3 Nc6 9. a3 Bd7 10. Bg5 h6 11. Bh4 Rc8 12. f3 e5 13. Bf2 a6 14. Rc1 Nh5 15.
Bb1 Qg5 16. Nd5 Nxd4 17. Nxd4 Bh3 18. Bg3 Nxg3 19. hxg3 Rxc1 20. Qxc1 Qxg3 21.
Qd2 exd4 22. f4 Be6 23. Ne7+ Kh7 24. f5 Qh4 25. Nxg6 fxg6 26. fxe6 Rxf1+ 27.
Kxf1 Qf6+ 28. Qf2 Qxe6 29. Qf3 b5 30. Bd3 Qe5 31. Qf7 Qg5 32. Qc7 Qf4+ 33. Kg1
Qe3+ 34. Kh1 Qxd3 35. Qxd6 Qxe4 36. Qxa6 d3 37. Qxb5 Qe1+ 0-1

[Event "16. Jacques Lemans Open"]
[Site "St. Veit"]
[Date "????.??.??"]
[Round "?"]
[White "Markun, Bostjan"]
[Black "Kurasch, Josef"]
[Result "1-0"]
[WhiteElo "2265"]
[BlackElo "2114"]
[PlyCount "37"]
[EventDate "1996.07.??"]

1. e4 d6 2. d4 Nf6 3. Nc3 g6 4. f4 Bg7 5. Nf3 c5 6. d5 O-O 7. Bd3 e6 8. dxe6
fxe6 9. O-O Ne8 10. f5 exf5 11. Ng5 {} 11... Bxc3 12. bxc3 Qe7 13. exf5 gxf5
14. Re1 Qc7 15. Bc4+ Kh8 16. Nf7+ Rxf7 17. Rxe8+ Kg7 18. Bxf7 Kxf7 19. Qh5+ 1-0

[Event "16. Jacques Lemans Open"]
[Site "St. Veit"]
[Date "????.??.??"]
[Round "?"]
[White "Feichter, Clemens"]
[Black "Susnik, Matej"]
[Result "1/2-1/2"]
[WhiteElo "2051"]
[BlackElo "2235"]
[PlyCount "117"]
[EventDate "1996.07.??"]

1. e4 c5 2. Nc3 e6 3. f4 d5 4. Nf3 dxe4 5. Nxe4 Nf6 6. Nf2 Bd6 7. g3 Nc6 8. b3
e5 9. fxe5 Nxe5 10. Bb2 O-O 11. Bg2 Nxf3+ 12. Qxf3 Re8+ 13. Kd1 Be7 14. Rf1 Be6
15. Qd3 Qb6 16. c4 Rad8 17. Qc2 Ng4 18. Kc1 Bg5 19. Bc3 Nxf2 20. Rxf2 Bxc4 21.
Be4 Qe6 22. Bxh7+ Kh8 23. Kb2 Bd5 24. Raf1 f6 25. Bg6 Be4 26. Bxe4 Qxe4 27. h4
Bh6 28. Qxe4 Rxe4 29. Kc2 Rde8 30. Rf5 b6 31. Rd5 R8e7 32. a3 a5 33. Rd6 R4e6
34. Rd8+ Re8 35. Rxe8+ Rxe8 36. b4 axb4 37. axb4 cxb4 38. Bxb4 Kg8 39. Bc3 Re4
40. Kd3 Rg4 41. Rf3 Kf7 42. Ke2 Ke6 43. Rd3 Rc4 44. Rd8 b5 45. Rb8 Rc5 46. Rb6+
Kd7 47. Kf3 Kc7 48. Re6 Rc6 49. Rxc6+ Kxc6 50. g4 Kc5 51. g5 fxg5 52. hxg5 Bxg5
53. Bxg7 Bxd2 54. Ke2 Ba5 55. Kd3 Kb4 56. Kc2 Kc4 57. Bf8 Bb4 58. Bg7 Bc5 59.
Bc3 1/2-1/2

[Event "16. Jacques Lemans Open"]
[Site "St. Veit"]
[Date "????.??.??"]
[Round "?"]
[White "Giessmann, Andreas"]
[Black "Praznik, Anton"]
[Result "1/2-1/2"]
[WhiteElo "2044"]
[BlackElo "2230"]
[PlyCount "71"]
[EventDate "1996.07.??"]

1. Nf3 d6 2. d4 Nf6 3. b3 g6 4. Bb2 Bg7 5. Nbd2 O-O 6. c4 e5 7. Qc2 exd4 8.
Nxd4 c5 9. Nb5 Bf5 10. e4 Nxe4 11. Nxe4 Bxe4 12. Qd2 Bxb2 13. Qxb2 a6 14. Nc3
Qf6 15. O-O-O Bc6 16. Nd5 Qxb2+ 17. Kxb2 Bxd5 18. Rxd5 Nc6 19. Bd3 Rad8 20. Rd1
Nd4 21. Re1 Rd7 22. Re3 f5 23. h4 Kf7 24. h5 {} 24... Re8 25. hxg6+ hxg6 26.
Rxe8 Kxe8 27. g4 Kf8 28. gxf5 gxf5 29. Bxf5 Rf7 30. Bc8 Rxf2+ 31. Kb1 Ke7 32.
Bxb7 a5 33. Rh5 Ne2 34. Rh3 Nd4 35. Rg3 Kf6 36. Rg2 1/2-1/2

[Event "16. Jacques Lemans Open"]
[Site "St. Veit"]
[Date "????.??.??"]
[Round "?"]
[White "Wallner, Dieter"]
[Black "Winiwarter , Felix"]
[Result "1/2-1/2"]
[WhiteElo "2050"]
[BlackElo "2165"]
[PlyCount "25"]
[EventDate "1996.07.??"]

1. e4 e5 2. Nf3 Nc6 3. Bc4 Bc5 4. d3 d6 5. c3 Qe7 6. b4 Bb6 7. a4 a5 8. b5 Nb8
9. Be3 Qf6 10. O-O Ne7 11. d4 O-O 12. dxe5 dxe5 13. Nbd2 {} 1/2-1/2

[Event "16. Jacques Lemans Open"]
[Site "St. Veit"]
[Date "????.??.??"]
[Round "?"]
[White "Hummel, Markus"]
[Black "Piven, Igor"]
[Result "0-1"]
[WhiteElo "1970"]
[BlackElo "2345"]
[PlyCount "62"]
[EventDate "1996.07.??"]

1. e4 g6 2. d4 d6 3. c4 Bg7 4. Nc3 Nf6 5. Nf3 O-O 6. Be2 Bg4 7. Be3 Nc6 8. O-O
Re8 9. Rb1 e5 10. d5 Bxf3 11. Bxf3 Nd4 12. Bxd4 exd4 13. Nb5 Nxe4 14. Nxd4 Ng5
15. Nc2 Qf6 16. Be2 Re7 17. Ne3 h5 18. Qc2 Rae8 19. Rfe1 Qf4 20. Bf1 Be5 {}
21. Bd3 Qxh2+ 22. Kf1 Kg7 23. Qd2 Bf4 24. b4 Qh1+ 25. Ke2 Qxg2 26. Kd1 Bxe3 27.
Rxe3 Rxe3 28. fxe3 Qf3+ 29. Kc2 Qxe3 30. Qc3+ Qe5 31. Qd2 Nf3 0-1

[Event "16. Jacques Lemans Open"]
[Site "St. Veit"]
[Date "????.??.??"]
[Round "?"]
[White "Krauland, Michael"]
[Black "Jeray, Zlatko"]
[Result "0-1"]
[WhiteElo "1925"]
[BlackElo "2150"]
[PlyCount "36"]
[EventDate "1996.07.??"]

1. e4 e5 2. Nf3 Nc6 3. d4 exd4 4. Nxd4 d6 5. Bb5 Bd7 6. Nxc6 bxc6 7. Ba4 Nf6 8.
O-O Be7 9. Re1 O-O 10. c4 Rb8 11. Nd2 Re8 12. b3 d5 13. e5 Ng4 14. e6 {} 14...
Bxe6 15. Bxc6 Qd6 16. Bxe8 Qxh2+ 17. Kf1 Qh1+ 18. Ke2 Qxg2 0-1

[Event "16. Jacques Lemans Open"]
[Site "St. Veit"]
[Date "????.??.??"]
[Round "?"]
[White "Baumgartner, Martin"]
[Black "Hinteregger, Arthur"]
[Result "1-0"]
[WhiteElo "1909"]
[BlackElo "2140"]
[PlyCount "92"]
[EventDate "1996.07.??"]

1. e4 e6 2. d3 d5 3. Nd2 Nf6 4. Ngf3 c5 5. g3 g6 6. Bg2 Bg7 7. O-O O-O 8. c3
Nc6 9. a4 b6 10. Re1 a5 11. Nf1 Ba6 12. Bf4 b5 13. exd5 exd5 14. Ne5 Nxe5 15.
Bxe5 Ra7 16. d4 c4 17. Ne3 Re7 18. Qf3 bxa4 19. Bh3 Rb7 20. Bxf6 Bxf6 21. Qxd5
Rxb2 22. Rxa4 Bb5 23. Raa1 Rb3 24. Reb1 a4 {} 25. Rxb3 Qxd5 26. Nxd5 cxb3 27.
Nxf6+ Kg7 28. Nd5 b2 29. Rb1 a3 30. Nb4 Ra8 31. Bf1 Bc6 32. Bd3 a2 33. Nxa2
Rxa2 34. f3 Bxf3 35. Kf2 Bd5 36. Ke3 f5 37. c4 Bf7 38. Kd2 Ra4 39. Kc3 Ra3+ 40.
Kc2 Ra4 41. d5 Kf6 42. Rxb2 Ra1 43. Kc3 g5 44. Kd4 h5 45. Rb6+ Kg7 46. Bxf5 Ra2
1-0

[Event "16. Jacques Lemans Open"]
[Site "St. Veit"]
[Date "????.??.??"]
[Round "?"]
[White "Groiss, Karl"]
[Black "Kuess, Mario"]
[Result "0-1"]
[WhiteElo "1860"]
[BlackElo "2115"]
[PlyCount "78"]
[EventDate "1996.07.??"]

1. d4 f5 2. Nf3 Nf6 3. c4 e6 4. Nc3 Bb4 5. Bd2 O-O 6. g3 b6 7. Bg2 Bb7 8. O-O
Bxc3 9. Bxc3 Qe8 10. e3 d6 11. Rc1 Nbd7 12. Re1 Ne4 13. Nd2 Ndf6 14. f3 Nxc3
15. Rxc3 e5 16. b3 Qg6 17. d5 a5 18. a4 Rae8 19. e4 Bc8 20. Rce3 f4 21. gxf4
Nh5 22. f5 Qg5 23. Qe2 Nf4 24. Qf1 Rf6 25. Kh1 g6 26. Qf2 gxf5 27. Rg1 Qh5 28.
Nf1 Rh6 {} 29. Bh3+ Kh8 30. Bg2 Rg8 31. Rc3 Rgg6 32. Re3 Qg5 33. Rc3 Rh5 34.
Re3 Rgh6 35. Rc3 Rh4 36. Re3 Qh5 37. h3 Nxh3 38. Bxh3 Rxh3+ 39. Kg2 Qg5+ 0-1

[Event "16. Jacques Lemans Open"]
[Site "St. Veit"]
[Date "????.??.??"]
[Round "?"]
[White "Nickl, Klaus"]
[Black "Lau, Ralf"]
[Result "1/2-1/2"]
[WhiteElo "2145"]
[BlackElo "2500"]
[PlyCount "83"]
[EventDate "1996.07.??"]

1. d4 e6 2. Nf3 b6 3. e3 Bb7 4. Bd3 f5 5. O-O Nf6 6. Nbd2 c5 7. Qe2 Be7 8. c3
Ne4 9. Ne5 O-O 10. f3 Nxd2 11. Bxd2 d6 12. Nc4 b5 13. Na3 a6 14. Rad1 Nd7 15.
e4 f4 16. dxc5 Nxc5 17. Bc2 Kh8 18. b4 Nd7 19. Bb3 e5 20. c4 Bc6 21. Kh1 Qb6
22. cxb5 axb5 23. Nb1 Nf6 24. Be1 {} 24... h6 25. Bf2 Qb7 26. Nc3 Rfc8 27. Nd5
Nxd5 28. Bxd5 Bxd5 29. Rxd5 Rc4 30. Qb2 Qa6 31. Rd2 Rac8 32. Rb1 R8c6 33. h3
Bd8 34. Qb3 Bb6 35. Bxb6 Qxb6 36. a4 Qe3 37. Qxe3 fxe3 38. Re2 bxa4 39. Rxe3
Rb6 40. b5 Kg8 41. Ra3 Kf7 42. Rba1 1/2-1/2

[Event "16. Jacques Lemans Open"]
[Site "St. Veit"]
[Date "????.??.??"]
[Round "?"]
[White "Neulinger, Manfred"]
[Black "Benda, Herbert"]
[Result "1/2-1/2"]
[WhiteElo "2330"]
[BlackElo "2200"]
[PlyCount "86"]
[EventDate "1996.07.??"]

1. e4 g6 2. d4 Bg7 3. Nc3 c6 4. Nf3 d5 5. h3 Nf6 6. e5 Ne4 7. Bd3 Nxc3 8. bxc3
c5 9. O-O O-O 10. Re1 c4 11. Bf1 Qa5 12. Bd2 Bd7 13. Qb1 Qa6 14. Qc1 Nc6 15.
Bh6 b5 16. a3 Rfb8 17. Bxg7 Kxg7 18. g3 Qc8 19. Kh2 a5 20. Bg2 h6 21. Qd2 Ra6
22. Ng1 e6 23. f4 Qd8 24. g4 Bc8 25. Nf3 Rab6 26. Qf2 b4 {} 27. axb4 axb4 28.
cxb4 Rxb4 29. c3 Rb2 30. Re2 Rxe2 31. Qxe2 Qb6 32. Qe3 Qb2 33. Rc1 Rb3 34. Qe1
Ra3 35. Qd2 Qxd2 36. Nxd2 Na7 37. f5 Bd7 38. f6+ Kf8 39. Kg1 Ba4 40. Rb1 Be8
41. Rc1 Ba4 42. Rb1 Be8 43. Rc1 Ba4 1/2-1/2